000 00526nam a2200193Ia 4500
005 20250923145054.0
008 008 250917s9999 xx 000 0 eng d
037 _aTextual
040 _aDSWL
_beng
_cDSWL
041 _aeng
_2eng
084 _aX;97K8, N66
_qDSWL
245 0 _aNew perspectives being the proceeding of 27th session of the AITVC
260 _aBombay
_c1966
300 _aviii,119p.
365 _aINR
_b5.00
925 _g5.00
942 _cTEXL
_hX;97K8, N66
999 _c1446749
_d1446749